[Event "Women's Speed Chess Q3"]
[Site "chess.com INT"]
[Date "2021.05.30"]
[Round "3"]
[White "Vo, Thi Kim Phung"]
[Black "Atalik, Ekaterina"]
[Result "0-1"]
[WhiteTitle "WGM"]
[BlackTitle "IM"]
[WhiteElo "2335"]
[BlackElo "2430"]
[WhiteFideId "12401838"]
[BlackFideId "4130189"]
[EventDate "2021.05.30"]

1. d4 Nf6 2. c4 e6 3. Nc3 d5 4. Nf3 Nbd7 5. Bg5 Be7 6. cxd5 Nxd5 7. Bxe7 Qxe7 8.
e4 Nxc3 9. bxc3 O-O 10. Be2 c5 11. O-O Nf6 12. Bd3 cxd4 13. cxd4 b6 14. Qe2 Bb7
15. Rac1 Rac8 16. Rfe1 h6 17. h3 Qa3 18. Rcd1 Rc3 19. Bb1 Rfc8 20. Ne5 Rc1 21.
f3 Rxd1 22. Rxd1 Rc1 23. Kh2 Rxd1 24. Qxd1 Qc3 25. Qd3 Qc1 26. Ng4 Nh5 27. e5
Kf8 28. Nf2 Qf4+ 29. Kg1 Ng3 30. Qc2 Qe3 31. Kh2 Nf1+ 32. Kg1 Nd2 33. Qd3 Qe1+
34. Kh2 Qxf2 35. Qh7 Nxf3+ 36. Kh1 Qg1# 0-1

[Event "Women's Speed Chess Q3"]
[Site "chess.com INT"]
[Date "2021.05.30"]
[Round "3"]
[White "Mordido, Kylen Joy"]
[Black "Zhuravleva, Olga"]
[Result "0-1"]
[WhiteTitle "WIM"]
[BlackTitle "WIM"]
[WhiteElo "2014"]
[BlackElo "2278"]
[WhiteFideId "5219086"]
[BlackFideId "4145933"]
[EventDate "2021.05.30"]

1. c4 e5 2. g3 Nf6 3. Bg2 d5 4. cxd5 Nxd5 5. Nc3 Nb6 6. Nf3 Nc6 7. O-O Be7 8. a3
O-O 9. b4 a6 10. d3 Re8 11. Bb2 Bf8 12. Rc1 Bg4 13. h3 Bh5 14. Ne4 Nd4 15. Nxd4
exd4 16. g4 Bg6 17. Nc5 Bxc5 18. bxc5 Nd5 19. Bxd4 c6 20. Ba1 Nf4 21. Re1 Qh4
22. Qd2 Nxh3+ 23. Bxh3 Qxh3 24. Qf4 Rad8 25. Rb1 Rd7 26. Qf3 Qxf3 27. exf3 Rxe1+
28. Rxe1 f6 29. d4 Kf7 30. Kg2 Bd3 31. f4 Bc4 32. Re3 Bd5+ 33. Kf1 Be6 34. Bc3
Bxg4 35. Kg2 Be6 36. f3 Bd5 37. f5 Re7 38. Kg3 Rxe3 39. Ba5 Rxf3+ 40. Kg4 Rxa3
41. Bb6 Bf3+ 42. Kf4 Bd1 0-1

[Event "Women's Speed Chess Q3"]
[Site "chess.com INT"]
[Date "2021.05.30"]
[Round "3"]
[White "Narva, Mai"]
[Black "Kiolbasa, Oliwia"]
[Result "0-1"]
[WhiteTitle "WIM"]
[BlackTitle "WIM"]
[WhiteElo "2276"]
[BlackElo "2255"]
[WhiteFideId "4500512"]
[BlackFideId "1154613"]
[EventDate "2021.05.30"]

1. e4 e5 2. Nc3 Nf6 3. f4 d5 4. fxe5 Nxe4 5. Qf3 Nxc3 6. dxc3 Be6 7. Bf4 Be7 8.
Bd3 c6 9. Ne2 Nd7 10. O-O Nc5 11. Nd4 Nxd3 12. Qxd3 Qd7 13. a4 c5 14. Nb5 a6 15.
Nd6+ Bxd6 16. exd6 O-O 17. Rae1 Rfe8 18. Qg3 Qxa4 19. b3 Qd7 20. Be5 f5 21. Qf2
Rac8 22. Re3 b5 23. Rg3 g6 24. Rh3 a5 25. Qf4 a4 26. Ra1 Ra8 27. Rh6 axb3 28.
Rxa8 Rxa8 29. cxb3 Ra1+ 30. Kf2 Ra2+ 31. Kg3 Re2 32. h4 Re4 33. Qg5 Rxe5 34. h5
Bf7 35. hxg6 Bxg6 36. Rh1 Qxd6 37. Kf2 Re4 38. Ra1 Qf4+ 39. Qxf4 Rxf4+ 40. Ke3
Re4+ 41. Kf3 d4 42. c4 bxc4 43. bxc4 d3 44. Rd1 Rd4 45. Ke3 f4+ 46. Kd2 Rxc4 47.
Rf1 Rc2+ 48. Kd1 c4 49. Rxf4 c3 0-1

[Event "Women's Speed Chess Q3"]
[Site "chess.com INT"]
[Date "2021.05.30"]
[Round "3"]
[White "Frayna, Janelle Mae"]
[Black "Petrova, Irina"]
[Result "1-0"]
[WhiteTitle "WGM"]
[BlackTitle "WIM"]
[WhiteElo "2179"]
[BlackElo "2110"]
[WhiteFideId "5212499"]
[BlackFideId "14124122"]
[EventDate "2021.05.30"]

1. d4 d6 2. e4 Nf6 3. Nc3 e5 4. dxe5 dxe5 5. Qxd8+ Kxd8 6. Bg5 Be6 7. O-O-O+ Nd7
8. f3 c6 9. Nge2 b5 10. Ng3 Kc7 11. Kb1 a5 12. Be2 a4 13. Bd3 b4 14. Nce2 Bc5
15. Nf5 g6 16. Ng7 Rhb8 17. Nxe6+ fxe6 18. Bc4 Re8 19. Ng3 Nb6 20. Bd3 b3 21.
cxb3 axb3 22. a3 Bd4 23. Nf1 Na4 24. Rd2 Nd7 25. Be3 Ndc5 26. Bxd4 exd4 27. Bc4
e5 28. Ng3 Reb8 29. Rhd1 Nb6 30. Bf1 Nbd7 31. Ne2 Na4 32. Nc1 c5 33. Bc4 Ndb6
34. Bxb3 c4 35. Bxa4 Nxa4 36. Ka2 c3 37. Rc2 Kd8 38. bxc3 Ke7 39. cxd4 Nb6 40.
dxe5 Nd7 41. f4 Nb6 42. Nb3 Ra4 43. Nd4 Nc4 44. Nc6+ Ke8 45. Nxb8 Rxa3+ 46. Kb1
Ne3 47. Rd5 Rb3+ 48. Rb2 Rxb2+ 49. Kxb2 Nxd5 50. exd5 1-0

[Event "Women's Speed Chess Q3"]
[Site "chess.com INT"]
[Date "2021.05.30"]
[Round "3"]
[White "Golubenko, Valentina"]
[Black "Nanditha, V"]
[Result "1-0"]
[WhiteTitle "WGM"]
[BlackTitle "WCM"]
[WhiteElo "2209"]
[BlackElo "1666"]
[WhiteFideId "4501993"]
[BlackFideId "46626697"]
[EventDate "2021.05.30"]

1. d4 d5 2. g3 Nf6 3. Bg2 Bg4 4. c4 e6 5. Nc3 c6 6. Nf3 Be7 7. Ne5 Bh5 8. O-O
O-O 9. Bf4 Nbd7 10. cxd5 exd5 11. Rc1 Re8 12. a3 Nf8 13. b4 Ne6 14. Be3 a5 15.
b5 Bxa3 16. bxc6 Bxc1 17. cxb7 Bxe3 18. bxa8=Q Bxf2+ 19. Rxf2 Qxa8 20. Qb3 Rb8
21. Qa2 Rc8 22. Nxd5 Nxd5 23. Bxd5 Qa6 24. Kg2 Nxd4 25. Bxf7+ Kh8 26. Bxh5 Qb7+
27. Bf3 Nxf3 28. Rxf3 h6 29. Nf7+ Kh7 30. Ne5 a4 31. Qe6 Rc2 32. Qf5+ Kg8 33.
Qxc2 a3 34. Qc4+ Kh7 35. Qd3+ Kh8 36. Qxa3 Kh7 37. Qf8 h5 38. Nf7 Kg6 39. Qh8 h4
40. Qe8 Kh7 41. Ng5+ Kh6 42. gxh4 Qd5 43. Qh8+ Kg6 44. Qh7# 1-0

[Event "Women's Speed Chess Q3"]
[Site "chess.com INT"]
[Date "2021.05.30"]
[Round "3"]
[White "Morris-Suzuki, Sophie"]
[Black "Pham, Le Thao Nguyen"]
[Result "1/2-1/2"]
[WhiteTitle "WFM"]
[BlackTitle "IM"]
[WhiteElo "2043"]
[BlackElo "2369"]
[WhiteFideId "30922615"]
[BlackFideId "12401226"]
[EventDate "2021.05.30"]

1. e4 c6 2. Nc3 d5 3. Nf3 Bg4 4. h3 Bxf3 5. Qxf3 e6 6. Be2 Nd7 7. d4 dxe4 8.
Nxe4 Ngf6 9. Ng3 Be7 10. O-O O-O 11. c3 a5 12. Bf4 a4 13. a3 Nb6 14. Bd3 Qd5 15.
Qe2 Bd6 16. Be3 Bc7 17. c4 Qd8 18. Ne4 Nxe4 19. Bxe4 Qh4 20. Qc2 Nxc4 21. Bxh7+
Qxh7 22. Qxc4 Qe4 23. Rfe1 Qd5 24. Qe2 Ra6 25. Red1 Rb6 26. Rd2 Rb3 27. Rad1 Rd8
28. Qg4 Qd6 29. g3 Qd5 30. Bh6 g6 31. Bg5 Rd7 32. Qh4 Rb5 33. Bf6 Qh5 34. Qxh5
Rxh5 35. Kg2 Rhd5 36. Bg5 Bb6 37. Be3 f5 38. Kf3 Kf7 39. h4 Rb5 40. Rh1 Rb3 41.
Ke2 Ba5 42. Rc2 Bb6 43. Rd2 Ba5 44. Rc2 Bb6 45. Rd2 1/2-1/2

[Event "Women's Speed Chess Q3"]
[Site "chess.com INT"]
[Date "2021.05.30"]
[Round "3"]
[White "Gaponenko, Inna"]
[Black "Jakubowska, Anna"]
[Result "1-0"]
[WhiteTitle "IM"]
[BlackTitle "WIM"]
[WhiteElo "2357"]
[BlackElo "2073"]
[WhiteFideId "14101181"]
[BlackFideId "1121952"]
[EventDate "2021.05.30"]

1. e4 c6 2. d4 d5 3. exd5 cxd5 4. c4 Nf6 5. Nc3 e6 6. Nf3 Nc6 7. cxd5 Nxd5 8.
Bd3 Be7 9. O-O O-O 10. Re1 b6 11. Nxd5 exd5 12. Bxh7+ Kxh7 13. Qc2+ g6 14. Qxc6
Rb8 15. Ne5 Bf6 16. Bf4 Bb7 17. Qd7 Kg7 18. Qxd8 Rbxd8 19. Rac1 Rc8 20. Nd7 Rfd8
21. Nxf6 Kxf6 22. Be5+ Kf5 23. f3 g5 24. g4+ Kg6 25. Kg2 f6 26. Bg3 Rxc1 27.
Rxc1 Rc8 28. Rxc8 Bxc8 29. Kf2 f5 30. gxf5+ Bxf5 31. Bb8 a6 32. Bc7 b5 33. b4
Kf6 34. Ke3 Ke6 35. f4 g4 36. Kf2 Bb1 37. a3 Bc2 38. Kg3 Kf5 39. Kh4 Bd3 40. Be5
Be4 41. Kh5 Bf3 42. Kh6 Be4 43. Kg7 Ke6 44. Kf8 Bg6 45. Bb8 Bf5 46. Ke8 Bd3 47.
Kd8 Kf5 48. Be5 Ke4 49. Ke7 Kf3 50. Ke6 Be4 51. f5 Kg2 52. f6 Bg6 53. f7 Bxf7+
54. Kxf7 Kf3 55. Ke6 Ke4 56. Kd6 1-0

[Event "Women's Speed Chess Q3"]
[Site "chess.com INT"]
[Date "2021.05.30"]
[Round "3"]
[White "Tokhirjonova, Gulrukhbegim"]
[Black "Ramirez, Maria Eugenia"]
[Result "1-0"]
[WhiteTitle "WGM"]
[BlackTitle "WFM"]
[WhiteElo "2350"]
[BlackElo "2057"]
[WhiteFideId "14203626"]
[BlackFideId "3301680"]
[EventDate "2021.05.30"]

1. e4 e5 2. Nf3 Nc6 3. d4 exd4 4. c3 dxc3 5. Nxc3 d6 6. Bc4 Be7 7. Qb3 Be6 8.
Bxe6 fxe6 9. Qxe6 Qd7 10. Qb3 O-O-O 11. Be3 Nf6 12. O-O h5 13. Rfd1 Qg4 14. h3
Qg6 15. Ng5 Rhe8 16. f4 h4 17. f5 Qh5 18. Rac1 Nd7 19. Ne6 Nde5 20. Nd5 Rd7 21.
Rxc6 Nxc6 22. Rc1 Bf6 23. Qa4 Rxe6 24. fxe6 Re7 25. Nf4 Qe5 26. Rxc6 bxc6 27.
Qxa7 Rxe6 28. Nxe6 Qxe6 29. Qa4 Kd7 30. b3 Be5 31. Qc4 Qxc4 32. bxc4 Bc3 33. Kf1
Ba5 34. Ke2 g5 35. Bxg5 Ke6 36. Bxh4 Ke5 37. Kd3 c5 38. Bg3+ Ke6 39. Bf4 c6 40.
g4 Bd8 41. g5 d5 42. cxd5+ cxd5 43. exd5+ Kxd5 44. h4 c4+ 45. Kc2 Kd4 46. a4 Ke4
47. Bd2 Kf5 48. a5 Kg4 49. a6 Bb6 50. g6 Kxh4 51. g7 1-0

[Event "Women's Speed Chess Q3"]
[Site "chess.com INT"]
[Date "2021.05.30"]
[Round "3"]
[White "Buksa, Nataliya"]
[Black "Zaksaite, Salomeja"]
[Result "1-0"]
[WhiteTitle "IM"]
[BlackTitle "WIM"]
[WhiteElo "2414"]
[BlackElo "2202"]
[WhiteFideId "14123622"]
[BlackFideId "12801496"]
[EventDate "2021.05.30"]

1. d4 g6 2. Nc3 Bg7 3. e4 b6 4. Be3 Bb7 5. f3 e6 6. Qd2 Ne7 7. h4 h6 8. h5 g5 9.
Bd3 d6 10. Nge2 Nd7 11. f4 gxf4 12. Bxf4 e5 13. dxe5 dxe5 14. Be3 Nf6 15. O-O-O
c6 16. Ng3 Ng4 17. Bg1 Qc7 18. Rh4 Nf6 19. Bc4 b5 20. Bb3 a5 21. a4 b4 22. Nce2
c5 23. Qd6 Qxd6 24. Rxd6 Rc8 25. Bc4 O-O 26. Rb6 Rc7 27. Be3 Nd7 28. Rd6 Nc8 29.
Rd1 Ndb6 30. Bb5 c4 31. Nf5 Bf6 32. Rg4+ Kh7 33. Bxb6 Nxb6 34. Rd6 Bxe4 35. Rxf6
Bxf5 36. Rxf5 Nd5 37. Rxe5 Nf6 38. Rf4 Ng8 39. Nd4 f6 40. Re6 Rd8 41. c3 bxc3
42. bxc3 Rc5 43. Rfe4 Rxh5 44. Re8 Rh1+ 45. Kc2 Rd5 46. Bc6 Rg5 47. R4e6 1-0

[Event "Women's Speed Chess Q3"]
[Site "chess.com INT"]
[Date "2021.05.30"]
[Round "3"]
[White "Nurmanova, Alua"]
[Black "Assaubayeva, Bibisara"]
[Result "0-1"]
[WhiteTitle "WFM"]
[BlackTitle "IM"]
[WhiteElo "2008"]
[BlackElo "2381"]
[WhiteFideId "13729390"]
[BlackFideId "13708694"]
[EventDate "2021.05.30"]

1. e4 e5 2. Nf3 Nc6 3. Bb5 a6 4. Ba4 b5 5. Bb3 Na5 6. d4 exd4 7. c3 Nxb3 8. axb3
Bb7 9. Nbd2 dxc3 10. bxc3 d6 11. O-O Nf6 12. Re1 Be7 13. Qc2 O-O 14. Nd4 Re8 15.
f3 Bf8 16. Nf1 g6 17. b4 c5 18. Nb3 cxb4 19. cxb4 d5 20. e5 Bxb4 21. Bd2 Bxd2
22. Qxd2 Nd7 23. f4 Qb6+ 24. Nd4 Nc5 25. Kh1 Ne4 26. Qe3 Rac8 27. Rac1 Rxc1 28.
Rxc1 Rc8 29. Rxc8+ Bxc8 30. h4 b4 31. f5 b3 32. Nxb3 Qxe3 33. Nxe3 Ng3+ 34. Kg1
Nxf5 35. Nxd5 Be6 36. Nf6+ Kg7 37. Nc5 Nxh4 38. Kf2 a5 39. g4 h6 40. Kg3 g5 41.
Nfe4 Ng6 42. Nxe6+ fxe6 43. Nc5 Kf7 44. Kf3 Nxe5+ 45. Ke4 Nxg4 46. Kd4 Kf6 47.
Ne4+ Kf5 48. Ng3+ Kf4 49. Nh5+ Kf3 50. Ng7 e5+ 51. Kc5 e4 0-1

[Event "Women's Speed Chess Q3"]
[Site "chess.com INT"]
[Date "2021.05.30"]
[Round "3"]
[White "Novikova, Anna"]
[Black "Mendoza, Shania Mae"]
[Result "1-0"]
[WhiteTitle "WIM"]
[BlackTitle "WFM"]
[WhiteElo "2247"]
[BlackElo "2158"]
[WhiteFideId "4146794"]
[BlackFideId "5211158"]
[EventDate "2021.05.30"]

1. e4 e5 2. Nf3 Nc6 3. Bc4 Nf6 4. d3 Be7 5. O-O O-O 6. Bb3 d5 7. exd5 Nxd5 8.
Re1 Bf6 9. Nbd2 g6 10. Nc4 Re8 11. h3 Bf5 12. Bh6 Qd7 13. Bg5 Bg7 14. Ne3 Nf4
15. Bxf4 exf4 16. Nxf5 Qxf5 17. c3 h6 18. d4 g5 19. Bc2 Qd7 20. Qd3 Re7 21. Qh7+
Kf8 22. Rxe7 Nxe7 23. Re1 Ng8 24. Qd3 Re8 25. Rxe8+ Qxe8 26. Kf1 Qe6 27. Nh2
Qxa2 28. b4 Qa1+ 29. Bd1 a6 30. Ng4 Ne7 31. Ke2 Qb2+ 32. Bc2 Nd5 33. Kd2 b5 34.
f3 Nb6 35. Nf2 Nc4+ 36. Kd1 Qa1+ 37. Ke2 Qb2 38. Ne4 Ne3 39. Kd2 Nxg2 40. Nc5
Ne3 41. Nd7+ Ke7 42. Nc5 Qa3 43. Qe4+ Kf8 44. Nd7+ Kg8 45. Qh7# 1-0

[Event "Women's Speed Chess Q3"]
[Site "chess.com INT"]
[Date "2021.05.30"]
[Round "3"]
[White "Papp, Petra"]
[Black "Purtseladze, Maka"]
[Result "1-0"]
[WhiteTitle "WGM"]
[BlackTitle "IM"]
[WhiteElo "2336"]
[BlackElo "2274"]
[WhiteFideId "739049"]
[BlackFideId "13602659"]
[EventDate "2021.05.30"]

1. e4 c6 2. d4 d5 3. Nd2 dxe4 4. Nxe4 Nf6 5. Nxf6+ exf6 6. c3 Bd6 7. Bd3 h5 8.
Ne2 h4 9. Bf4 h3 10. g3 Bg4 11. Qd2 Bf3 12. Rg1 Bg2 13. O-O-O Qc7 14. Kb1 Nd7
15. Bxd6 Qxd6 16. Nf4 O-O-O 17. Nxg2 hxg2 18. Rxg2 c5 19. Bf5 g6 20. Be4 f5 21.
Bf3 cxd4 22. Qxd4 Qxd4 23. Rxd4 Ne5 24. Be2 Rxd4 25. cxd4 Nc6 26. d5 Nd4 27. Bc4
Nf3 28. b3 Rxh2 29. Rxh2 Nxh2 30. d6 f6 31. Bf7 g5 32. Be6+ Kd8 33. Bxf5 Nf3 34.
Kb2 Nd4 35. Be4 b6 36. a4 Ne6 37. Bc6 Nd4 38. Bb5 Nxb5 39. axb5 Kd7 40. Kc3 Kxd6
41. Kd4 Ke6 42. g4 f5 43. f3 fxg4 44. fxg4 Kd6 45. b4 Ke6 46. Ke4 Kf6 47. Kd5
Ke7 48. Ke5 Kf7 49. Kf5 Kg7 50. Kxg5 Kf8 51. Kf5 Kf7 52. g5 Kg7 53. Ke5 Kg6 54.
Kd6 Kxg5 55. Kc6 Kf6 56. Kb7 Ke5 57. Kxa7 Kd4 58. Kxb6 1-0

[Event "Women's Speed Chess Q3"]
[Site "chess.com INT"]
[Date "2021.05.30"]
[Round "3"]
[White "Nomin-Erdene, Davaademberel"]
[Black "Cori T., Deysi"]
[Result "1-0"]
[WhiteTitle "IM"]
[BlackTitle "WGM"]
[WhiteElo "2382"]
[BlackElo "2388"]
[WhiteFideId "4900782"]
[BlackFideId "3801934"]
[EventDate "2021.05.30"]

1. f4 d5 2. Nf3 g6 3. g3 Bg7 4. Bg2 c6 5. O-O Nf6 6. d3 O-O 7. Na3 Qb6+ 8. e3
Ng4 9. d4 f6 10. c4 Be6 11. b3 Nd7 12. Re1 Qa5 13. h3 Nh6 14. e4 dxc4 15. Nxc4
Qc7 16. Bb2 Bf7 17. Qd2 Rad8 18. Rad1 b5 19. Ne3 e5 20. fxe5 Nxe5 21. Nxe5 fxe5
22. d5 cxd5 23. exd5 Nf5 24. Nxf5 gxf5 25. Qf2 Bh5 26. Rd2 e4 27. Bxg7 Qxg7 28.
Kh2 Kh8 29. Qf4 Rf6 30. Qh4 Bf7 31. Red1 Rg8 32. Re2 Rg6 33. Re3 Rh6 34. Qf4 Qf6
35. d6 Be6 36. d7 Rd8 37. g4 Rg6 38. gxf5 Bxf5 39. Bxe4 Qb2+ 40. Kh1 Bxe4+ 41.
Qxe4 Rgg8 42. Qe5+ Qxe5 43. Rxe5 Kg7 44. Red5 Kf6 45. Rxb5 Ke6 46. Rbd5 Rg3 47.
Rd6+ Ke7 48. Kh2 Rg6 49. R6d2 1-0

[Event "Women's Speed Chess Q3"]
[Site "chess.com INT"]
[Date "2021.05.30"]
[Round "3"]
[White "Komiagina, Maria"]
[Black "Linares Napoles, Oleiny"]
[Result "0-1"]
[WhiteTitle "WIM"]
[BlackTitle "WGM"]
[WhiteElo "2241"]
[BlackElo "2255"]
[WhiteFideId "4153987"]
[BlackFideId "3504794"]
[EventDate "2021.05.30"]

1. d4 Nf6 2. Nf3 g6 3. Nc3 Bg7 4. e4 d6 5. h3 O-O 6. Be3 c6 7. Qd2 b5 8. a3 Nbd7
9. Be2 Qc7 10. Bh6 a6 11. Bxg7 Kxg7 12. h4 h5 13. O-O e5 14. Rad1 Bb7 15. dxe5
dxe5 16. Qg5 Rfe8 17. Rd2 Nf8 18. Rfd1 N8h7 19. Qg3 Ng4 20. Ng5 Ngf6 21. Nxh7
Kxh7 22. Qg5 Kg7 23. Rd6 Nh7 24. Qe3 Rad8 25. Qc5 Rxd6 26. Rxd6 Nf6 27. Bf3 Nd7
28. Nd5 Nxc5 29. Nxc7 Re7 30. Nxa6 Nxa6 31. b4 Nc7 32. Be2 Ne6 33. c3 Kf8 34. g3
Ke8 35. c4 bxc4 36. Bxc4 Rd7 37. Rxd7 Kxd7 38. Kf1 Ke7 39. Ke1 Nd4 40. Kd2 f6
41. Ke3 g5 42. hxg5 fxg5 43. f4 Kf6 44. fxe5+ Kxe5 45. Bf7 h4 46. gxh4 gxh4 47.
Bc4 Bc8 48. Bf1 h3 49. a4 h2 50. Bg2 Ba6 51. b5 cxb5 52. axb5 Bxb5 53. Kf2 Kf4
54. e5 Bd7 0-1

[Event "Women's Speed Chess Q3"]
[Site "chess.com INT"]
[Date "2021.05.30"]
[Round "3"]
[White "Ambartsumova, Karina"]
[Black "Obregon Garcia, Roxangel"]
[Result "1-0"]
[WhiteTitle "IM"]
[BlackTitle "WIM"]
[WhiteElo "2382"]
[BlackElo "2167"]
[WhiteFideId "4166299"]
[BlackFideId "3520420"]
[EventDate "2021.05.30"]

1. c4 c6 2. Nf3 d5 3. e3 Nf6 4. Nc3 e6 5. Qc2 Bd6 6. b3 O-O 7. Bb2 e5 8. cxd5
cxd5 9. Nb5 Nc6 10. Nxd6 Qxd6 11. d4 e4 12. Ne5 Bf5 13. Rc1 Rac8 14. Qd2 Nd7 15.
Nxc6 Rxc6 16. Be2 Rfc8 17. O-O Nf6 18. Bb5 Rxc1 19. Rxc1 Rxc1+ 20. Qxc1 Ng4 21.
g3 Qh6 22. h4 g5 23. Qc7 gxh4 24. Qd8+ Kg7 25. Ba3 Kg6 26. Bf8 Qg5 27. Be7 Nf6
28. Bxf6 Qxf6 29. Qxf6+ Kxf6 30. gxh4 Ke6 31. Kh2 h5 32. Kg3 Bg4 33. a3 Bf3 34.
Kf4 Bd1 35. b4 Bg4 36. Bf1 f6 37. Bb5 a6 38. Be8 b5 39. Bc6 Kd6 40. Be8 Kc7 41.
Bf7 Kb6 42. Bxd5 Kc7 43. Bxe4 Kd6 44. Bf5 Bxf5 45. Kxf5 Kd5 46. Kxf6 Kc4 47. Ke5
Kb3 48. d5 Kxa3 49. d6 Kxb4 50. d7 a5 51. d8=Q a4 52. Qd4+ Kb3 53. Qd3+ Kb4 54.
Qb1+ Kc3 55. Qxb5 a3 56. Qa5+ Kb2 57. Qb4+ Ka1 58. Qxa3+ Kb1 59. Qe7 Kc1 60. Qg5
Kc2 61. Qxh5 Kd2 62. f4 Kxe3 63. f5 1-0

[Event "Women's Speed Chess Q3"]
[Site "chess.com INT"]
[Date "2021.05.30"]
[Round "3"]
[White "Osmak, Iulija"]
[Black "Szente Varga, Fruzsina"]
[Result "1-0"]
[WhiteTitle "IM"]
[BlackTitle "WFM"]
[WhiteElo "2425"]
[BlackElo "2100"]
[WhiteFideId "14101602"]
[BlackFideId "712264"]
[EventDate "2021.05.30"]

1. b4 e5 2. Bb2 d6 3. e3 Be6 4. Nf3 Nd7 5. d4 Ngf6 6. b5 exd4 7. Nxd4 Be7 8. Be2
O-O 9. O-O Nc5 10. Nd2 Qd7 11. c4 Nce4 12. N2b3 c6 13. f3 Nc5 14. bxc6 bxc6 15.
Nxc5 dxc5 16. Nxe6 Qxe6 17. e4 Rfd8 18. Qc2 Nh5 19. f4 Bf6 20. Bxh5 Bxb2 21.
Qxb2 Qxe4 22. Qf2 Qxc4 23. Rac1 Qe6 24. Rxc5 Rd6 25. Re1 Qf6 26. g3 Rad8 27. Rc2
g6 28. Bf3 Kg7 29. Rec1 Qe7 30. Qe2 Re6 31. Qf2 Red6 32. f5 Qf6 33. fxg6 hxg6
34. Rxc6 Rxc6 35. Rxc6 Qa1+ 36. Kg2 Qe5 37. Rc5 Qf6 38. Rb5 a6 39. Rb6 Qg5 40.
Qb2+ Kh7 41. Qf6 Rd2+ 42. Kf1 Qxf6 43. Rxf6 Kg7 44. Rxa6 Rb2 45. Bg2 Rb1+ 46.
Kf2 Rb2+ 47. Kf3 g5 48. h3 Rc2 49. g4 Rc3+ 50. Kf2 Rc2+ 51. Kg3 Rc3+ 52. Bf3 f6
53. a4 Kg6 54. a5 Ra3 55. Ra8 f5 56. gxf5+ Kxf5 57. a6 g4 58. hxg4+ Kg5 59. Rg8+ 1-0

[Event "Women's Speed Chess Q3"]
[Site "chess.com INT"]
[Date "2021.05.30"]
[Round "3"]
[White "Padmini, Rout"]
[Black "Balabayeva, Xeniya"]
[Result "0-1"]
[WhiteTitle "IM"]
[BlackTitle "WFM"]
[WhiteElo "2370"]
[BlackElo "2178"]
[WhiteFideId "5029295"]
[BlackFideId "13719688"]
[EventDate "2021.05.30"]

1. e4 c6 2. Nc3 d5 3. Nf3 g6 4. d4 dxe4 5. Nxe4 Bg7 6. c3 Nf6 7. Ng3 O-O 8. Bd3
Nd5 9. O-O Bg4 10. h3 Bxf3 11. Qxf3 Nd7 12. Re1 e5 13. dxe5 Nxe5 14. Qe2 Nxc3
15. bxc3 Qxd3 16. Bb2 Qxe2 17. Rxe2 Nc4 18. Rb1 Rfe8 19. Ba1 Rxe2 20. Nxe2 b5
21. Rd1 Re8 22. Kf1 Bf6 23. Rd7 Rd8 24. Rxd8+ Bxd8 25. Nd4 Na5 26. Bb2 Bb6 27.
Nc2 Nc4 28. Bc1 a5 29. Ke2 f6 30. f3 Kf7 31. Kd3 Ke6 32. Bf4 Kd5 33. Bb8 Bc5 34.
f4 Nb2+ 35. Kd2 Nc4+ 36. Kd3 Bg1 37. g4 Bf2 38. Ke2 Bc5 39. Kd3 Na3 40. Ne1 Bd6
41. Bxd6 Kxd6 42. Nf3 Kd5 43. g5 fxg5 44. Nxg5 h6 45. Nf7 b4 46. cxb4 axb4 47.
Nxh6 c5 48. f5 gxf5 49. Nxf5 c4+ 50. Ke3 c3 51. h4 Ke5 52. Nd4 Nc4+ 53. Kd3 Nb2+
54. Ke3 Nd1+ 55. Kd3 Nf2+ 56. Ke3 Ng4+ 57. Kd3 Nf2+ 58. Kc4 Ng4 59. Kxb4 Kxd4
60. Kb3 Kd3 61. h5 c2 62. h6 Nxh6 63. Kb2 Kd2 64. a4 c1=Q+ 65. Kb3 Qc7 66. a5
Nf5 67. Kb2 Qxa5 68. Kb3 Qb5+ 69. Ka3 Kc2 70. Ka2 Qb2# 0-1

[Event "Women's Speed Chess Q3"]
[Site "chess.com INT"]
[Date "2021.05.30"]
[Round "3"]
[White "Shuvalova, Polina"]
[Black "Kulkarni, Bhakti"]
[Result "0-1"]
[WhiteTitle "IM"]
[BlackTitle "IM"]
[WhiteElo "2484"]
[BlackElo "2391"]
[WhiteFideId "24171760"]
[BlackFideId "5019516"]
[EventDate "2021.05.30"]

1. e4 c6 2. d4 d5 3. exd5 cxd5 4. Bd3 Nc6 5. c3 g6 6. Qc2 Bg7 7. Nf3 Nf6 8. h3
O-O 9. O-O Re8 10. Re1 Qc7 11. Nbd2 a6 12. Nb3 b5 13. Nc5 b4 14. Bd2 bxc3 15.
bxc3 Nd7 16. Nxd7 Bxd7 17. Rab1 e5 18. dxe5 Nxe5 19. Nxe5 Rxe5 20. Rxe5 Bxe5 21.
c4 Rc8 22. Rc1 Be6 23. c5 Qc6 24. Be3 d4 25. Be4 Bd5 26. Bxd5 Qxd5 27. Bd2 d3
28. Qc4 Qxc4 29. Rxc4 Rc6 30. Kf1 f5 31. Ke1 Kf7 32. Be3 Ke6 33. Kd2 f4 34. Bxf4
Bxf4+ 35. Rxf4 Rxc5 36. Kxd3 Ra5 37. a4 Rd5+ 38. Rd4 Rc5 39. Rb4 Rd5+ 40. Ke3
Kf7 41. Rb7+ Kg8 42. f4 Ra5 43. Rb4 h5 44. g4 hxg4 45. hxg4 Kf7 46. Ke4 Rc5 47.
Rb7+ Kg8 48. Rb6 Rc4+ 49. Ke5 Rxa4 50. Rxg6+ Kf7 51. Rb6 Ra5+ 52. Ke4 Ra4+ 53.
Kf3 Ra1 54. g5 a5 55. Kg4 a4 56. f5 a3 57. g6+ Kg7 58. Rb7+ Kg8 59. Kg5 a2 60.
Kf6 Rb1 61. Rg7+ Kf8 62. Rc7 a1=Q+ 63. Kg5 Rc1 64. g7+ Kg8 65. Rd7 Qxg7+ 66.
Rxg7+ Kxg7 0-1

[Event "Women's Speed Chess Q3"]
[Site "chess.com INT"]
[Date "2021.05.30"]
[Round "3"]
[White "Cyfka, Karina"]
[Black "Bommini, Mounika Akshaya"]
[Result "1/2-1/2"]
[WhiteTitle "IM"]
[BlackTitle "WFM"]
[WhiteElo "2415"]
[BlackElo "2029"]
[WhiteFideId "1122681"]
[BlackFideId "25019872"]
[EventDate "2021.05.30"]

1. d4 Nf6 2. c4 c5 3. d5 e6 4. Nc3 exd5 5. cxd5 d6 6. Nf3 g6 7. Nd2 Bg7 8. Nc4
O-O 9. Bf4 Ne8 10. e3 b6 11. a4 Ba6 12. Be2 Bxc4 13. Bxc4 Nd7 14. O-O g5 15. Bg3
f5 16. f3 Qf6 17. Bb5 Rd8 18. a5 Qg6 19. axb6 axb6 20. Ra7 Ne5 21. Qd2 h5 22.
Bf2 h4 23. Rfa1 h3 24. Bf1 hxg2 25. Bxg2 Qh5 26. Qe2 g4 27. fxg4 fxg4 28. Bg3
Nf3+ 29. Bxf3 gxf3 30. Qf2 Nf6 31. Qc2 Ng4 32. Qe4 f2+ 33. Kg2 Be5 34. h3 f1=Q+
35. Rxf1 Rxf1 36. Kxf1 Qxh3+ 37. Ke2 Qh6 38. Bxe5 Nxe5 39. Qf5 Rf8 40. Qe6+ Qxe6
41. dxe6 Re8 42. e7 Kf7 43. Nd5 Nc6 44. Rc7 Nxe7 45. Kd3 Ke6 46. Nxb6 Nf5 47.
Nc4 Kf6 48. Rd7 Re6 49. e4 Nd4 50. Rxd6 Rxd6 51. Nxd6 Ke6 52. Nc4 Nb3 53. Kc3
Nd4 54. Kd3 Nc6 55. b3 Nb4+ 56. Kc3 Nc6 57. Ne3 Nd4 58. Kc4 Ke5 59. Kxc5 Nxb3+
60. Kc4 Kxe4 1/2-1/2